Fairy tale
Introduction -- Definitions -- The emergence of a literary genre: early modern Italy to the French salon -- The consolidation of a genre: the brothers Grimm to Hans Christian Andersen -- The emergence of fairy-tale theory: Plato to Propp -- Psychoanalysis, history and ideology: twentieth- and twenty...
Сохранить в:
| Главный автор: | |
|---|---|
| Формат: | |
| Язык: | Undetermined |
| Опубликовано: |
New York
Routedge
2013
|
| Предметы: | |
| Online-ссылка: | http://lrc.tdmu.edu.vn/opac/search/detail.asp?aID=2&ID=24775 |
| Метки: |
Добавить метку
Нет меток, Требуется 1-ая метка записи!
|
| Thư viện lưu trữ: | Trung tâm Học liệu Trường Đại học Thủ Dầu Một |
|---|
| LEADER | 01043nam a2200205Ia 4500 | ||
|---|---|---|---|
| 001 | TDMU_24775 | ||
| 008 | 210410s9999 xx 000 0 und d | ||
| 082 | |a 398.2 | ||
| 090 | |b T207 | ||
| 100 | |a Teverson, Andrew | ||
| 245 | 0 | |a Fairy tale | |
| 245 | 0 | |c Andrew Teverson | |
| 260 | |a New York | ||
| 260 | |b Routedge | ||
| 260 | |c 2013 | ||
| 300 | |a 167 p. | ||
| 520 | |a Introduction -- Definitions -- The emergence of a literary genre: early modern Italy to the French salon -- The consolidation of a genre: the brothers Grimm to Hans Christian Andersen -- The emergence of fairy-tale theory: Plato to Propp -- Psychoanalysis, history and ideology: twentieth- and twenty-first century approaches to fairy tale -- Conclusion.; Includes bibliographical references (pages 152-159) and index | ||
| 650 | |a Fairy tales |x History and criticism; Truyện cổ tích |x Lịch sử và phê bình | ||
| 856 | |u http://lrc.tdmu.edu.vn/opac/search/detail.asp?aID=2&ID=24775 | ||
| 980 | |a Trung tâm Học liệu Trường Đại học Thủ Dầu Một | ||